000 00635 a2200193 4500
999 _c183206
_d183206
005 20211220154944.0
010 _aENG-130432
020 _a9748-93-5388-765-0
_c550.00
035 _aEN-113964
037 _bDBAD/PUB
082 _a301.0954
_b1
100 _aKundu, Abhijit
245 _aSociology of India:
_cAbhijit Kundu, Nupurnima Yadav
260 _aNew Delhi
_bSage Publications India Pvt Ltd.
_c2021
270 _aB-I/I-I, Mohan Cooperative Industrial Area, Mathura Road
_bNew Delhi
_e110044
300 _axvi, 326p.
_c22cm (pbk)
_bIndex
700 _aNupurnima Yadav
942 _adpl
_cEN
_2ddc
_h301.0954
_mKUN